00769nam a2200193 a 4500003000700000005001700007008004100024040003300065041000800098050002100106110006400127245017200191260004100363300003300404336002800437337003000465338002700495650005300522CBULib20231120130729.0100610s2010 ||||||||||||||||| || u aCBULibbEnglishcCBULiberda aeng aUNCTAD(02)2010/1 aUnited Nations Conference on Trade and Development (UNCTAD)10aTraining module on the WTO agreement on Trade-Related aspects of Intellectual Property Rights (TRIPS)c/ by United Nations Conference on Trade and Development (UNCTAD) aNew York : bUnited Nations, c2010. av, 54 pages : illustrations  2rdacontentaText |btxt 2rdamediaaUnmediated |bn 2rdacarrieraVolumebnc aINTELLECTUAL PROPERTY RIGHTS--STUDY AND TEACHING